[Event "Weekend A"]
[Site "Valenzano ITA"]
[Date "2006.01.21"]
[Round "1"]
[White "Campanile, Roberto"]
[Black "Tommaselli, Giacomo"]
[Result "1/2-1/2"]
[WhiteElo "2207"]
[BlackElo "2023"]
[PlyCount "55"]
[EventDate "2006.01.21"]

1.d4 Nf6 2.c4 e6 3.Nc3 Bb4 4.Qc2 d5 5.Nf3 O-O 6.Bg5 b6 7.e3 h6 8.Bxf6 Qxf6
9.cxd5 exd5 10.a3 Bf5 11.Qb3 Bxc3+ 12.Qxc3 c5 13.Be2 Nc6 14.Rc1 c4 15.O-O 
Rfe8 16.Rfe1 g5 17.Nd2 g4 18.Bf1 b5 19.b3 Rab8 20.bxc4 bxc4 21.e4 Nxd4 22.
Qg3 dxe4 23.Nxc4 Rb3 24.Qf4 Ne6 25.Qd6 Qd4 26.Qc6 Rd8 27.Ne3 Qe5 28.Nxf5 
1/2-1/2

[Event "Weekend A"]
[Site "Valenzano ITA"]
[Date "2006.01.21"]
[Round "1"]
[White "Caputi, Nicola"]
[Black "Pizzuto, Samuele Tullio"]
[Result "0-1"]
[WhiteElo "2005"]
[BlackElo "2201"]
[PlyCount "80"]
[EventDate "2006.01.21"]

1.c4 e5 2.Nc3 Nf6 3.Nf3 Nc6 4.g3 d5 5.cxd5 Nxd5 6.Bg2 Nb6 7.a3 a5 8.d3 Be7
9.O-O O-O 10.Be3 Re8 11.Rc1 Bg4 12.Na4 Nd5 13.Bc5 Bf6 14.Qc2 Nd4 15.Bxd4 
exd4 16.Nc5 b6 17.Ne4 c5 18.Rfe1 Be7 19.Ne5 Be6 20.Nc6 Qd7 21.Nxe7+ Qxe7 
22.Qa4 Rad8 23.Bf3 Bd7 24.Qb3 Bc6 25.Nd2 Qb7 26.Qc2 Re6 27.Kf1 Rde8 28.Qc4
Rh6 29.Kg1 Rhe6 30.Kf1 Re5 31.Qb3 R5e6 32.Qc4 h5 33.h4 Qd7 34.Kg2 Rg6 35.
Kh2 Qf5 36.Rf1 Nf4 37.Ne4 Qh3+ 38.Kg1 Bd5 39.Qb5 Rf8 40.Ng5 Nxe2+ 0-1

[Event "Weekend A"]
[Site "Valenzano ITA"]
[Date "2006.01.21"]
[Round "1"]
[White "Delfino, Luigi"]
[Black "Granaldi, Alessandro"]
[Result "1/2-1/2"]
[WhiteElo "2119"]
[BlackElo "1991"]
[PlyCount "138"]
[EventDate "2006.01.21"]

1.c4 Nf6 2.Nc3 g6 3.g3 Bg7 4.Bg2 O-O 5.b4 c6 6.Qb3 d5 7.cxd5 Nxd5 8.Bb2 
Be6 9.Qa3 a5 10.Nxd5 Bxd5 11.Nf3 Bxb2 12.Qxb2 Qd6 13.b5 Qb4 14.Rb1 cxb5 
15.Qxb4 axb4 16.Rxb4 Rxa2 17.O-O Bc6 18.Rfb1 Na6 19.R4b2 Rxb2 20.Rxb2 Rd8 
21.d4 f6 22.e3 Nc7 23.h4 Ra8 24.Nd2 e6 25.Ne4 Nd5 26.Nd6 Ra4 27.e4 Nc7 28.
Rc2 b4 29.Rb2 Na6 30.Bf1 Ra1 31.f3 Kf8 32.Kf2 Ke7 33.Nc4 Bb5 34.Be2 Rc1 
35.Na5 Bxe2 36.Kxe2 b6 37.Nb3 Rc3 38.Nd2 b5 39.Ra2 Ra3 40.Rb2 Kd6 41.Rc2 
h5 42.Nb1 Ra4 43.Ke3 Ra1 44.Nd2 Ra3+ 45.Ke2 f5 46.Kf2 b3 47.Rc3 Ra2 48.Ke3
b2 49.Rb3 Kc6 50.Kd3 fxe4+ 51.fxe4 e5 52.dxe5 Nc5+ 53.Kc3 Nxb3 54.Kxb3 Ra8
55.Kxb2 Re8 56.Nf3 Kc5 57.Kc2 Rf8 58.Ng5 Re8 59.e6 Kc4 60.Kb2 b4 61.Kc2 
b3+ 62.Kb2 Ra8 63.Nf7 Ra2+ 64.Kb1 Kc3 65.Nd6 Re2 66.Nb5+ Kb4 67.Nd6 Kc3 
68.Nb5+ Kb4 69.Nd6 Kc3 1/2-1/2

[Event "Weekend A"]
[Site "Valenzano ITA"]
[Date "2006.01.21"]
[Round "1"]
[White "Di Lascio, Savino"]
[Black "Rizzo, Giovanbattista"]
[Result "0-1"]
[WhiteElo "1952"]
[BlackElo "2093"]
[PlyCount "86"]
[EventDate "2006.01.21"]

1.Nf3 Nf6 2.g3 d5 3.Bg2 c5 4.d3 Nc6 5.O-O e5 6.Nbd2 Bd6 7.e4 d4 8.Nc4 Bg4 
9.h3 Bxf3 10.Qxf3 b5 11.Nxd6+ Qxd6 12.g4 O-O 13.Qg3 c4 14.f4 Nd7 15.Rf2 
Rac8 16.g5 cxd3 17.fxe5 Ncxe5 18.cxd3 f6 19.gxf6 Rxf6 20.Rxf6 Qxf6 21.h4 
Rf8 22.Bg5 Nf3+ 23.Bxf3 Qxf3 24.Qxf3 Rxf3 25.Kg2 Rxd3 26.Rc1 h6 27.Bf4 Nf6
28.Rc8+ Kh7 29.e5 Nd5 30.Bc1 Kg6 31.Rc5 Ne3+ 32.Bxe3 Rxe3 33.Rxb5 Kf5 34.
Kf2 Rxe5 35.Rxe5+ Kxe5 36.h5 g5 37.hxg6 Kf6 38.Kf3 h5 39.b4 h4 40.a4 d3 
41.b5 d2 42.Ke2 h3 43.a5 h2 0-1

[Event "Weekend A"]
[Site "Valenzano ITA"]
[Date "2006.01.21"]
[Round "1"]
[White "Laghetti, Gaetano"]
[Black "Vespe, Francesco"]
[Result "1/2-1/2"]
[WhiteElo "1895"]
[BlackElo "2045"]
[PlyCount "58"]
[EventDate "2006.01.21"]

1.d4 Nf6 2.c4 e5 3.dxe5 Ng4 4.Bf4 Nc6 5.Nf3 Bb4+ 6.Nc3 Bxc3+ 7.bxc3 Qe7 8.
e3 Ngxe5 9.Nxe5 Nxe5 10.Be2 d6 11.Rb1 O-O 12.O-O b6 13.Qd4 Bf5 14.Rb5 c5 
15.Qd2 Rad8 16.Bg3 Be6 17.Bxe5 dxe5 18.Qc2 Rd6 19.Rd1 Rxd1+ 20.Qxd1 Rd8 
21.Qc2 Qd7 22.Rb2 Bf5 23.e4 Be6 24.g3 f5 25.f3 Qf7 26.exf5 Bxf5 27.Qc1 Qd7
28.Qe3 Qd6 29.Kf2 Be6 1/2-1/2

[Event "Weekend A"]
[Site "Valenzano ITA"]
[Date "2006.01.22"]
[Round "2"]
[White "Granaldi, Alessandro"]
[Black "Laghetti, Gaetano"]
[Result "1/2-1/2"]
[WhiteElo "1991"]
[BlackElo "1895"]
[PlyCount "47"]
[EventDate "2006.01.21"]

1.e4 c5 2.Nf3 d6 3.d4 cxd4 4.Nxd4 Nf6 5.Nc3 a6 6.Be3 e5 7.Nb3 Be6 8.f3 Be7
9.Qd2 Nbd7 10.g4 Rc8 11.h4 Nb6 12.O-O-O Nc4 13.Bxc4 Bxc4 14.g5 Nh5 15.Nd5 
Bxd5 16.Qxd5 Qc7 17.Kb1 Qxc2+ 18.Ka1 Qc6 19.Rc1 Qxd5 20.Rxc8+ Kd7 21.Rxh8 
Qd3 22.Bb6 Qb5 23.Be3 Qd3 24.Bb6 1/2-1/2

[Event "Weekend A"]
[Site "Valenzano ITA"]
[Date "2006.01.22"]
[Round "2"]
[White "Pizzuto, Samuele Tullio"]
[Black "Borino, Paolo"]
[Result "1-0"]
[WhiteElo "2201"]
[BlackElo "2029"]
[PlyCount "117"]
[EventDate "2006.01.21"]

1.d4 Nf6 2.Nc3 d5 3.Bg5 e6 4.Nf3 c5 5.e3 Nbd7 6.Bd3 Qb6 7.Qc1 c4 8.Be2 Bb4
9.O-O Bxc3 10.bxc3 Ne4 11.Qa3 Qd6 12.Qxd6 Nxd6 13.Nd2 Nb5 14.Nb1 f6 15.Bf4
Ke7 16.a4 Nd6 17.Nd2 Nf8 18.e4 Ng6 19.Be3 Bd7 20.Rfe1 Nxe4 21.Nxe4 dxe4 
22.Bxc4 Rhc8 23.Bb3 f5 24.Bd2 Kf6 25.c4 a6 26.a5 Re8 27.Rad1 Ne7 28.h4 h6 
29.d5 exd5 30.cxd5 Rac8 31.Be3 g5 32.Bd4+ Kg6 33.f3 exf3 34.gxf3 f4 35.
hxg5 hxg5 36.c3 Nf5 37.Bc2 Kf7 38.Bxf5 Bxf5 39.Kf2 Red8 40.Re5 Kg6 41.Rd2 
Rd7 42.Rb2 Rf8 43.Rb6+ Kh5 44.Re1 g4 45.fxg4+ Bxg4 46.c4 Kg5 47.Re5+ Bf5 
48.Kf3 Rh7 49.Bf2 Rff7 50.c5 Rh3+ 51.Ke2 Ra3 52.Be1 Rh7 53.Rb2 Rh2+ 54.Bf2
Rxa5 55.d6 Kf6 56.Rxf5+ Kxf5 57.d7 Rh8 58.Rd2 f3+ 59.Kxf3 1-0

[Event "Weekend A"]
[Site "Valenzano ITA"]
[Date "2006.01.22"]
[Round "2"]
[White "Rizzo, Giovanbattista"]
[Black "Campanile, Roberto"]
[Result "1-0"]
[WhiteElo "2093"]
[BlackElo "2207"]
[PlyCount "65"]
[EventDate "2006.01.21"]

1.d4 Nf6 2.c4 g6 3.Nc3 Bg7 4.e4 d6 5.f3 O-O 6.Be3 e5 7.d5 c6 8.Bd3 cxd5 9.
cxd5 Nh5 10.Nge2 f5 11.Qd2 a6 12.exf5 gxf5 13.O-O Nd7 14.g4 e4 15.gxh5 
exd3 16.Nf4 Ne5 17.h6 Bxh6 18.Ne6 Bxe3+ 19.Qxe3 Bxe6 20.dxe6 f4 21.Qe4 Rf6
22.e7 Qb6+ 23.Rf2 Rg6+ 24.Kf1 Kh8 25.Nd5 Qc5 26.Nxf4 Rf6 27.Nd5 Rg6 28.Nf4
Rf6 29.Nxd3 Qb5 30.Rd1 Rg8 31.a4 Qb3 32.Rdd2 Rfg6 33.Nxe5 1-0

[Event "Weekend A"]
[Site "Valenzano ITA"]
[Date "2006.01.22"]
[Round "2"]
[White "Tommaselli, Giacomo"]
[Black "Delfino, Luigi"]
[Result "1/2-1/2"]
[WhiteElo "2023"]
[BlackElo "2119"]
[PlyCount "38"]
[EventDate "2006.01.21"]

1.d4 g6 2.Nf3 Bg7 3.Bf4 c5 4.c3 Qb6 5.Qc2 cxd4 6.cxd4 Nc6 7.e3 d6 8.Nc3 
Nf6 9.Rc1 O-O 10.Be2 Bf5 11.Qd2 e5 12.Bg5 exd4 13.Nxd4 Nxd4 14.exd4 Ne4 
15.Nxe4 Bxe4 16.O-O Rfe8 17.Be3 Rac8 18.Rc3 Bd5 19.a3 Rxc3 1/2-1/2

[Event "Weekend A"]
[Site "Valenzano ITA"]
[Date "2006.01.22"]
[Round "2"]
[White "Vespe, Francesco"]
[Black "Lorusso, Lucio"]
[Result "1-0"]
[WhiteElo "2045"]
[BlackElo "2053"]
[PlyCount "35"]
[EventDate "2006.01.21"]

1.d4 d5 2.c4 c6 3.Nf3 Bf5 4.Nc3 Nf6 5.Qb3 b6 6.Bf4 dxc4 7.Qxc4 Be6 8.Qa4 
b5 9.Qc2 Qa5 10.Bd2 Qb6 11.e4 Na6 12.d5 Bd7 13.Ne5 Rc8 14.Nxd7 Nxd7 15.
Nxb5 Qb7 16.Rc1 c5 17.Qa4 c4 18.Bxc4 1-0

[Event "Weekend A"]
[Site "Valenzano ITA"]
[Date "2006.01.22"]
[Round "3"]
[White "Borino, Paolo"]
[Black "Guerra, Vito Rocco"]
[Result "0-1"]
[WhiteElo "2029"]
[BlackElo "1940"]
[PlyCount "42"]
[EventDate "2006.01.21"]

1.f4 d5 2.Nf3 Nf6 3.e3 g6 4.Be2 Bg7 5.O-O O-O 6.d3 c5 7.Nc3 Nc6 8.Qe1 d4 
9.exd4 Nxd4 10.Nxd4 cxd4 11.Ne4 Nd5 12.Rf3 Bg4 13.Rg3 Bxe2 14.Qxe2 e6 15.
Ng5 Qd6 16.Rf3 Rac8 17.a3 Rc6 18.Rh3 Nxf4 19.Bxf4 Qxf4 20.Nxh7 Rfc8 21.Rf1
Rxc2 0-1

[Event "Weekend A"]
[Site "Valenzano ITA"]
[Date "2006.01.22"]
[Round "3"]
[White "De Giglio, Michele"]
[Black "Granaldi, Alessandro"]
[Result "0-1"]
[WhiteElo "1817"]
[BlackElo "1991"]
[PlyCount "40"]
[EventDate "2006.01.21"]

1.e4 c5 2.Nf3 a6 3.g3 d5 4.exd5 Qxd5 5.Nc3 Qd8 6.Bg2 Nc6 7.O-O Bg4 8.d3 
Nf6 9.Be3 e6 10.Ne4 Nxe4 11.dxe4 Qc7 12.c3 Be7 13.Qc2 O-O 14.Ne1 e5 15.f3 
Be6 16.Qf2 Bc4 17.Bxc5 Bxf1 18.Bxf1 Bxc5 19.Qxc5 Rfd8 20.Qe3 Qd6 0-1

[Event "Weekend A"]
[Site "Valenzano ITA"]
[Date "2006.01.22"]
[Round "3"]
[White "Delfino, Luigi"]
[Black "Vespe, Francesco"]
[Result "0-1"]
[WhiteElo "2119"]
[BlackElo "2045"]
[PlyCount "104"]
[EventDate "2006.01.21"]

1.e4 e6 2.d4 d5 3.Be3 dxe4 4.f3 exf3 5.Nxf3 Nf6 6.Ne5 c5 7.Bd3 a6 8.Nc3 
Nbd7 9.Qf3 Qb6 10.O-O-O cxd4 11.Bxd4 Qxd4 12.Nxf7 Ne5 13.Qg3 Nxd3+ 14.Rxd3
Qxd3 15.cxd3 Kxf7 16.Qc7+ Be7 17.Rf1 Rd8 18.Ne4 Bd7 19.Qe5 Rac8+ 20.Kb1 h6
21.Qh5+ Kg8 22.Nxf6+ Bxf6 23.Rxf6 gxf6 24.Qg6+ Kf8 25.Qxf6+ Ke8 26.Qg6+ 
Ke7 27.Qg7+ Kd6 28.Qd4+ Kc7 29.Qe5+ Kb6 30.Qd4+ Kb5 31.a3 Be8 32.Qe3 Rd6 
33.a4+ Kc6 34.a5 Kc7 35.Qc5+ Bc6 36.Qe5 Rd8 37.h4 Bb5 38.Kc2 Bxd3+ 39.Kd2 
Bf5+ 40.Ke3 Kc8 41.Kf2 Rd2+ 42.Kg1 R2d4 43.Qg7 Rg4 44.Qxh6 Rdg8 45.Qc1+ 
Kb8 46.Qc5 Rxg2+ 47.Kf1 Bd3+ 48.Ke1 Re2+ 49.Kd1 Bb5 50.Qd4 e5 51.Qb6 e4 
52.Kc1 Bd3 0-1

[Event "Weekend A"]
[Site "Valenzano ITA"]
[Date "2006.01.22"]
[Round "3"]
[White "Di Lascio, Savino"]
[Black "Caputi, Nicola"]
[Result "1-0"]
[WhiteElo "1952"]
[BlackElo "2005"]
[PlyCount "103"]
[EventDate "2006.01.21"]

1.Nf3 f5 2.g3 Nf6 3.Bg2 d6 4.d3 g6 5.O-O Bg7 6.c3 O-O 7.Nbd2 h6 8.e4 c6 9.
Re1 fxe4 10.dxe4 e5 11.Nc4 Ne8 12.Ncxe5 Qf6 13.Nd3 Be6 14.e5 dxe5 15.Nfxe5
Na6 16.Qe2 Nac7 17.Nc5 Rd8 18.Nxb7 Rd5 19.Bxd5 cxd5 20.Nc5 Bh3 21.Ncd7 Qe6
22.Nxf8 Bxf8 23.f4 Nd6 24.Be3 Bf5 25.Bxa7 Ndb5 26.Bd4 Nxd4 27.cxd4 Qb6 28.
Red1 Nb5 29.Qf2 Nd6 30.Rac1 Ne4 31.Qe2 h5 32.Rc6 Qb4 33.Rxg6+ Bxg6 34.Nxg6
Bg7 35.Ne5 Nf6 36.Qd2 Qa4 37.b3 Qa3 38.Rc1 Ne4 39.Rc8+ Kh7 40.Qc2 Qb4 41.
Qd1 Nf6 42.Qd3+ Ne4 43.Nf3 Bf6 44.Re8 Kg7 45.Ra8 Kf7 46.a3 Qb6 47.Ne5+ Kg7
48.Ra6 Qc7 49.Rc6 Qa7 50.b4 Qb7 51.Qa6 Qb8 52.Rxf6 1-0

[Event "Weekend A"]
[Site "Valenzano ITA"]
[Date "2006.01.22"]
[Round "3"]
[White "Laghetti, Gaetano"]
[Black "Tommaselli, Giacomo"]
[Result "0-1"]
[WhiteElo "1895"]
[BlackElo "2023"]
[PlyCount "72"]
[EventDate "2006.01.21"]

1.d4 Nf6 2.c4 e6 3.Nc3 Bb4 4.Qc2 d5 5.cxd5 exd5 6.a3 Bxc3+ 7.Qxc3 O-O 8.
Bg5 c6 9.Nf3 Qd6 10.Nd2 Bf5 11.e3 Re8 12.Bd3 Bxd3 13.Qxd3 Nbd7 14.O-O Ne4 
15.Nxe4 dxe4 16.Qb3 Nb6 17.Rac1 Qd7 18.Bf4 Nd5 19.Bg3 Re6 20.h3 Rae8 21.
Qa4 a6 22.Qb3 Rg6 23.Kh1 h5 24.Rg1 Qe7 25.Qd1 Nxe3 26.Qxh5 Rh6 27.Qc5 Nd5 
28.Rge1 Re6 29.Re2 Qg5 30.Be5 Rxe5 31.g3 R5e6 32.Rce1 Qf5 33.Kh2 Rh6 34.h4
Qf3 35.Rc2 Nf4 36.Rg1 Rxh4+ 0-1

[Event "Weekend A"]
[Site "Valenzano ITA"]
[Date "2006.01.22"]
[Round "3"]
[White "Lorusso, Lucio"]
[Black "Campanile, Roberto"]
[Result "1/2-1/2"]
[WhiteElo "2053"]
[BlackElo "2207"]
[PlyCount "50"]
[EventDate "2006.01.21"]

1.e4 c5 2.c3 Nf6 3.e5 Nd5 4.d4 cxd4 5.Nf3 e6 6.cxd4 Nc6 7.Nc3 Nxc3 8.bxc3 
d6 9.Bf4 Be7 10.Qd2 O-O 11.Bd3 dxe5 12.Nxe5 Nxe5 13.Bxe5 Bd6 14.Qc2 Bxe5 
15.dxe5 h6 16.O-O Bd7 17.Be4 Qc7 18.f4 Rac8 19.Rf3 Bc6 20.Rb1 Rfd8 21.Bxc6
Qxc6 22.h3 b6 23.Rd1 Qc4 24.Rd2 Rd4 25.g3 g6 1/2-1/2

[Event "Weekend A"]
[Site "Valenzano ITA"]
[Date "2006.01.22"]
[Round "3"]
[White "Rizzo, Giovanbattista"]
[Black "Pizzuto, Samuele Tullio"]
[Result "0-1"]
[WhiteElo "2093"]
[BlackElo "2201"]
[PlyCount "76"]
[EventDate "2006.01.21"]

1.d4 d5 2.c4 Nc6 3.e3 e5 4.cxd5 Qxd5 5.Nc3 Bb4 6.Bd2 Bxc3 7.Bxc3 exd4 8.
Ne2 Nf6 9.Nxd4 O-O 10.Be2 Ne4 11.Nxc6 Qxc6 12.Be5 Bf5 13.f3 Nf6 14.Qc1 Qe6
15.Bxf6 Qxf6 16.e4 Be6 17.O-O Qd4+ 18.Rf2 c5 19.Qc2 Rad8 20.Rd1 Qb4 21.a3 
Rxd1+ 22.Bxd1 Qd4 23.Qd2 Rd8 24.Qxd4 Rxd4 25.Bc2 Bc4 26.f4 b5 27.g4 Kf8 
28.Kg2 a5 29.Kf3 b4 30.axb4 axb4 31.b3 Bxb3 32.Ke3 Bc4 33.e5 Ke7 34.h4 h6 
35.h5 Rd7 36.f5 Rd4 37.Be4 Bd5 38.Rf4 b3 0-1

[Event "Weekend A"]
[Site "Valenzano ITA"]
[Date "2006.01.28"]
[Round "4"]
[White "Campanile, Roberto"]
[Black "Laghetti, Gaetano"]
[Result "1-0"]
[WhiteElo "2207"]
[BlackElo "1895"]
[PlyCount "59"]
[EventDate "2006.01.21"]

1.d4 Nf6 2.c4 g6 3.Nc3 Bg7 4.e4 d6 5.f3 O-O 6.Bg5 Nbd7 7.Nh3 c5 8.d5 h6 9.
Be3 a6 10.Be2 Nb6 11.Nf2 Bd7 12.O-O Nh7 13.Qd2 h5 14.Bd3 Qc8 15.Rac1 Na4 
16.Nxa4 Bxa4 17.f4 f6 18.b4 b6 19.Rb1 Qc7 20.Qe2 Bd7 21.f5 Be8 22.fxg6 
Bxg6 23.Nh3 h4 24.Qg4 Be8 25.Qxh4 Bd7 26.e5 f5 27.e6 Be8 28.Bxf5 Nf6 29.
Ng5 Bh8 30.Nh7 1-0

[Event "Weekend A"]
[Site "Valenzano ITA"]
[Date "2006.01.28"]
[Round "4"]
[White "Delfino, Luigi"]
[Black "Borino, Paolo"]
[Result "1-0"]
[WhiteElo "2119"]
[BlackElo "2029"]
[PlyCount "57"]
[EventDate "2006.01.21"]

1.c4 e5 2.Nc3 f5 3.g3 Nf6 4.Bg2 Bb4 5.Qc2 d6 6.Qa4+ c6 7.Qxb4 O-O 8.d3 Na6
9.Qa4 Be6 10.Nf3 h6 11.O-O Nc5 12.Qc2 a5 13.b3 Qe8 14.d4 Ncd7 15.dxe5 dxe5
16.Ba3 Qh5 17.Bxf8 Rxf8 18.Rad1 f4 19.Nh4 e4 20.Nxe4 g5 21.Nxf6+ Rxf6 22.
Bf3 Qf7 23.Ng2 Nc5 24.Be4 Bh3 25.Rd8+ Kg7 26.Bh7 Qc7 27.Rfd1 fxg3 28.hxg3 
Qf7 29.Rg8+ 1-0

[Event "Weekend A"]
[Site "Valenzano ITA"]
[Date "2006.01.28"]
[Round "4"]
[White "Granaldi, Alessandro"]
[Black "Rizzo, Giovanbattista"]
[Result "1/2-1/2"]
[WhiteElo "1991"]
[BlackElo "2093"]
[PlyCount "156"]
[EventDate "2006.01.21"]

1.e4 c5 2.Nc3 Nc6 3.Bb5 Nd4 4.Bc4 g6 5.Nf3 Bg7 6.Nxd4 cxd4 7.Qf3 Nf6 8.Nb5
O-O 9.Nxd4 d5 10.exd5 e5 11.Ne2 e4 12.Qb3 b6 13.Nc3 Bb7 14.O-O Qd6 15.Nb5 
Qc5 16.d4 exd3 17.Be3 Qe7 18.Qxd3 a6 19.Nc3 b5 20.Bb3 Qd6 21.Rad1 Rfe8 22.
f3 b4 23.Na4 Nd7 24.c4 bxc3 25.bxc3 Rac8 26.Rfe1 Be5 27.h3 Bh2+ 28.Kh1 Bg3
29.Rf1 a5 30.c4 Ba6 31.Rc1 Qe5 32.Nb6 Qxe3 33.Qxe3 Rxe3 34.Nxd7 a4 35.Bxa4
Rxc4 36.Bb3 Rxc1 37.Rxc1 Kg7 38.Nc5 Be2 39.Ne4 Bf4 40.Re1 f5 41.Nc5 Kf6 
42.Rb1 Ke5 43.Ne6 Bd3 44.Rd1 Bh6 45.Nc5 Be2 46.Re1 Bf4 47.Ne6 Bg3 48.f4+ 
Kd6 49.Rc1 Bb5 50.Nd4 Bd3 51.Ne6 Be4 52.Bc4 Bxd5 53.Rd1 Kxe6 54.Bxd5+ Kd6 
55.Bg8+ Ke7 56.Rf1 h6 57.Bc4 Kf6 58.a4 Re4 59.Bd5 Rxf4 60.Ra1 Rd4 61.Bc6 
Rd6 62.Bb5 Re6 63.a5 Re1+ 64.Rxe1 Bxe1 65.a6 Bf2 66.g3 Ba7 67.Kg2 g5 68.
Kf3 Ke5 69.Bd7 h5 70.h4 g4+ 71.Kg2 f4 72.gxf4+ Kxf4 73.Be8 Bb8 74.Bxh5 Kf5
75.Be8 Kf6 76.Bd7 g3 77.Kf3 Kg6 78.Bh3 Kh5 1/2-1/2

[Event "Weekend A"]
[Site "Valenzano ITA"]
[Date "2006.01.28"]
[Round "4"]
[White "Lorusso, Lucio"]
[Black "Di Lascio, Savino"]
[Result "1/2-1/2"]
[WhiteElo "2053"]
[BlackElo "1952"]
[PlyCount "121"]
[EventDate "2006.01.21"]

1.e4 c6 2.d4 d5 3.exd5 cxd5 4.Bd3 Nc6 5.c3 g6 6.Bf4 Bg7 7.h3 Nh6 8.Nf3 O-O
9.O-O f6 10.Qc2 Bf5 11.Bxf5 Nxf5 12.Re1 Rc8 13.Qd2 Qd7 14.Qe2 e5 15.Bh2 
exd4 16.g4 Rfe8 17.Qd2 Rxe1+ 18.Nxe1 Bh6 19.Bf4 Bxf4 20.Qxf4 Re8 21.Nd2 
Qd6 22.Nd3 dxc3 23.bxc3 Qxf4 24.Nxf4 Nfe7 25.Rb1 b6 26.Nf3 Kf7 27.Rd1 Rd8 
28.Kg2 h6 29.Ne2 f5 30.g5 hxg5 31.Nxg5+ Kf6 32.h4 a6 33.Nf4 b5 34.Re1 Rd6 
35.Nge6 Kf7 36.Nc7 Nd8 37.Rd1 Nb7 38.Ncxd5 Nxd5 39.Rxd5 Rxd5 40.Nxd5 Nc5 
41.Nc7 Kf6 42.Kf3 Ke5 43.Ke3 f4+ 44.Kf3 Kf5 45.Nd5 Na4 46.Ne7+ Ke6 47.Nxg6
Nxc3 48.Nxf4+ Kf7 49.a3 Nb1 50.a4 bxa4 51.Nd3 a3 52.Nb4 Nc3 53.Nc2 Nb5 54.
Ke4 a2 55.Kd3 Kg6 56.f4 Kh5 57.f5 Nd6 58.Kc3 Kxh4 59.Kb2 Kg5 60.Kxa2 Kxf5 
61.Nb4 1/2-1/2

[Event "Weekend A"]
[Site "Valenzano ITA"]
[Date "2006.01.28"]
[Round "4"]
[White "Pizzuto, Samuele Tullio"]
[Black "Vespe, Francesco"]
[Result "1-0"]
[WhiteElo "2201"]
[BlackElo "2045"]
[PlyCount "87"]
[EventDate "2006.01.21"]

1.d4 Nf6 2.Nc3 d5 3.Bg5 Nbd7 4.e3 g6 5.f4 Bg7 6.Bd3 c5 7.Nf3 Qb6 8.Rb1 O-O
9.O-O Re8 10.Bxf6 Nxf6 11.Na4 Qe6 12.Ne5 c4 13.Be2 b5 14.Nc5 Qd6 15.Bf3 
Nd7 16.Nexd7 Bxd7 17.c3 f5 18.a4 Rab8 19.b3 cxb3 20.Qxb3 e6 21.Nxd7 Qxd7 
22.axb5 Rb6 23.c4 Reb8 24.cxd5 Rxb5 25.dxe6 Rxb3 26.exd7 Rxb1 27.d8=Q+ 
Rxd8 28.Rxb1 Rd7 29.Rb5 Bf6 30.g4 fxg4 31.Bxg4 Rc7 32.Kf2 Bh4+ 33.Kf3 Kf7 
34.Ra5 Be1 35.Ra6 h5 36.Be6+ Ke7 37.Bd5 Bd2 38.Rxg6 Rc3 39.Re6+ Kd7 40.f5 
a5 41.f6 Rc8 42.f7 Bb4 43.Re8 a4 44.Be6+ 1-0

[Event "Weekend A"]
[Site "Valenzano ITA"]
[Date "2006.01.28"]
[Round "4"]
[White "Tommaselli, Giacomo"]
[Black "Guerra, Vito Rocco"]
[Result "1/2-1/2"]
[WhiteElo "2023"]
[BlackElo "1940"]
[PlyCount "60"]
[EventDate "2006.01.21"]

1.d4 Nf6 2.Nf3 d5 3.c3 c6 4.e3 Bf5 5.Nbd2 e6 6.Be2 Bd6 7.Nh4 Bg6 8.Nxg6 
hxg6 9.Qc2 Qc7 10.g3 Nbd7 11.f4 c5 12.O-O cxd4 13.exd4 g5 14.Nb3 Ne4 15.
Qd3 gxf4 16.Bxf4 Bxf4 17.Rxf4 f5 18.c4 Qxc4 19.Qxc4 dxc4 20.Bxc4 Ke7 21.
Re1 g6 22.Bd3 Nef6 23.Nc5 Nxc5 24.dxc5 Rac8 25.b4 Rhd8 26.Rf3 Nd5 27.Bc4 
a6 28.Bxd5 Rxd5 29.Rfe3 Rc6 30.a4 Kf7 1/2-1/2

[Event "Weekend A"]
[Site "Valenzano ITA"]
[Date "2006.01.29"]
[Round "5"]
[White "Borino, Paolo"]
[Black "Lorusso, Lucio"]
[Result "0-1"]
[WhiteElo "2029"]
[BlackElo "2053"]
[PlyCount "88"]
[EventDate "2006.01.21"]

1.f4 d5 2.Nf3 c5 3.e3 Nc6 4.Bb5 Bd7 5.b3 Nf6 6.Bb2 e6 7.O-O Bd6 8.Bxc6 
Bxc6 9.Ne5 Rc8 10.d3 O-O 11.Nd2 b6 12.Nxc6 Rxc6 13.Nf3 Bb8 14.Ne5 Rc8 15.
Rf3 d4 16.Rg3 Qd5 17.Ng4 Nxg4 18.Qxg4 g6 19.e4 Qd7 20.e5 f6 21.Re1 fxe5 
22.fxe5 Rf5 23.Rf3 Bxe5 24.Rxf5 exf5 25.Qe2 Re8 26.Qf2 Qd6 27.g3 Re7 28.
Bc1 Bf6 29.Bf4 Rxe1+ 30.Qxe1 Qe7 31.Qf2 Bg5 32.Bxg5 Qxg5 33.Qe2 Kf7 34.Kg2
Qc1 35.a4 Kf6 36.h4 h6 37.Qf2 g5 38.hxg5+ hxg5 39.Kh2 f4 40.Kh3 Qe3 41.Qg2
f3 42.Qh1 Qe2 43.g4 Qf2 44.Qh2 Qh4# 0-1

[Event "Weekend A"]
[Site "Valenzano ITA"]
[Date "2006.01.29"]
[Round "5"]
[White "De Giglio, Michele"]
[Black "Delfino, Luigi"]
[Result "1/2-1/2"]
[WhiteElo "1817"]
[BlackElo "2119"]
[PlyCount "102"]
[EventDate "2006.01.21"]

1.e4 c5 2.Nf3 d6 3.g3 Nc6 4.Bg2 g6 5.O-O Bg7 6.d3 e5 7.Nc3 Nge7 8.Nd2 O-O 
9.Nc4 Be6 10.Nd5 f5 11.c3 b5 12.Nxe7+ Nxe7 13.Ne3 f4 14.Nd5 g5 15.d4 cxd4 
16.cxd4 Nxd5 17.exd5 Bf5 18.Re1 Rc8 19.Be4 Rc4 20.Bxf5 Rxf5 21.Qd3 Qc8 22.
dxe5 Rxe5 23.Bd2 Rd4 24.Qc3 Qxc3 25.Bxc3 Rxe1+ 26.Rxe1 Rxd5 27.Bxg7 Kxg7 
28.Re7+ Kg6 29.gxf4 gxf4 30.Rxa7 Kf5 31.Kg2 Ke4 32.Re7+ Re5 33.Rxh7 d5 34.
h4 d4 35.h5 d3 36.h6 f3+ 37.Kg3 d2 38.Rd7 Rg5+ 39.Kh2 Rh5+ 40.Kg3 Rxh6 41.
Rxd2 Rg6+ 42.Kh4 Rg1 43.Kh3 Re1 44.Rd8 Re2 45.Rb8 Rxb2 46.a4 b4 47.a5 Kd3 
48.a6 Ra2 49.Rxb4 Ke2 50.Kg4 Kxf2 51.Rf4 Rxa6 1/2-1/2

[Event "Weekend A"]
[Site "Valenzano ITA"]
[Date "2006.01.29"]
[Round "5"]
[White "Di Lascio, Savino"]
[Black "Campanile, Roberto"]
[Result "0-1"]
[WhiteElo "1952"]
[BlackElo "2207"]
[PlyCount "64"]
[EventDate "2006.01.21"]

1.Nf3 c5 2.g3 b6 3.Bg2 Bb7 4.O-O Nf6 5.d3 e6 6.e4 Be7 7.Re1 O-O 8.Nbd2 d6 
9.Nf1 Nbd7 10.h3 Qc7 11.g4 c4 12.g5 Nh5 13.N3h2 g6 14.Bf3 Ng7 15.d4 e5 16.
c3 f6 17.h4 fxg5 18.Bxg5 Bxg5 19.hxg5 Ne6 20.Qd2 Rf4 21.Bg4 Nxg5 22.dxe5 
Rxg4+ 23.Ng3 Nxe5 24.Kf1 Nxe4 25.Rxe4 Rxe4 26.Nxe4 Bxe4 27.Qd4 Bd3+ 28.Ke1
Qc5 29.Qxc5 bxc5 30.Kd2 Rb8 31.b3 cxb3 32.f4 b2 0-1

[Event "Weekend A"]
[Site "Valenzano ITA"]
[Date "2006.01.29"]
[Round "5"]
[White "Guerra, Vito Rocco"]
[Black "Pizzuto, Samuele Tullio"]
[Result "1-0"]
[WhiteElo "1940"]
[BlackElo "2201"]
[PlyCount "115"]
[EventDate "2006.01.21"]

1.e4 d5 2.exd5 Qxd5 3.Nc3 Qd6 4.d4 Nf6 5.Nf3 a6 6.h3 Bf5 7.Bd3 Bxd3 8.Qxd3
Nc6 9.O-O e6 10.a3 Be7 11.Bg5 O-O-O 12.Rfd1 h6 13.Bh4 g5 14.Bg3 Qd7 15.b4 
Nd5 16.Ne5 Nxe5 17.dxe5 Nxc3 18.Qxc3 Qxd1+ 19.Rxd1 Rxd1+ 20.Kh2 Rd7 21.Qf3
h5 22.h4 gxh4 23.Bf4 Bf8 24.Qe3 Kb8 25.Bg5 Rg8 26.Bxh4 Rg4 27.Bg5 Rgd4 28.
Qh3 h4 29.Bxh4 Bg7 30.Bf6 Bxf6 31.exf6 Rd2 32.Qh8+ Ka7 33.Qe8 Kb6 34.Kg1 
Rd1+ 35.Kh2 c6 36.g4 Kc7 37.g5 R1d5 38.f4 Rf5 39.Kg3 a5 40.bxa5 Kd6 41.
Qf8+ Kc7 42.Qe8 Kd6 43.Kg4 Kc7 44.c4 c5 45.Qf8 Kc6 46.Qa8 Kc7 47.a6 bxa6 
48.Qxa6 Rd4 49.Qa7+ Kc6 50.Qxf7 Rdxf4+ 51.Kh5 Rd4 52.Kg6 Kd6 53.Qe7+ Ke5 
54.f7 Rdf4 55.Qxc5+ Ke4 56.Qe7 Kf3 57.c5 Kg4 58.Qxe6 1-0

[Event "Weekend A"]
[Site "Valenzano ITA"]
[Date "2006.01.29"]
[Round "5"]
[White "Laghetti, Gaetano"]
[Black "Caputi, Nicola"]
[Result "1/2-1/2"]
[WhiteElo "1895"]
[BlackElo "2005"]
[PlyCount "96"]
[EventDate "2006.01.21"]

1.d4 Nf6 2.c4 e6 3.Nc3 Bb4 4.Qc2 O-O 5.a3 Bxc3+ 6.Qxc3 b6 7.Bg5 Bb7 8.Nf3 
d6 9.g3 Nbd7 10.Bg2 h6 11.Bxf6 Nxf6 12.O-O c5 13.Nd2 Qc7 14.Rfe1 Rfe8 15.
e4 e5 16.d5 Bc8 17.h3 Rb8 18.b4 a6 19.a4 cxb4 20.Qxb4 a5 21.Qb3 Nd7 22.Nb1
Nc5 23.Qc2 Bd7 24.Nc3 Na6 25.Nb5 Bxb5 26.axb5 Nb4 27.Qc3 Rbc8 28.Rec1 Re7 
29.Qd2 Qd8 30.Qe3 Rc5 31.h4 Rec7 32.Bf1 Qf8 33.Qf3 Qc8 34.Qe3 Kh7 35.Kh2 
g6 36.Bh3 Qf8 37.Bf1 f5 38.exf5 Qxf5 39.Qd2 Rf7 40.Kg1 e4 41.Ra3 Re7 42.
Rcc3 Re5 43.Re3 Rc7 44.Rab3 Rf7 45.Rb2 g5 46.hxg5 hxg5 47.Qd1 g4 48.f4 
gxf3 1/2-1/2

[Event "Weekend A"]
[Site "Valenzano ITA"]
[Date "2006.01.29"]
[Round "5"]
[White "Rizzo, Giovanbattista"]
[Black "Tommaselli, Giacomo"]
[Result "0-1"]
[WhiteElo "2093"]
[BlackElo "2023"]
[PlyCount "48"]
[EventDate "2006.01.21"]

1.d4 Nf6 2.c4 e6 3.Nc3 Bb4 4.e3 O-O 5.a3 Bxc3+ 6.bxc3 c5 7.Bd3 d5 8.cxd5 
exd5 9.Ne2 Nc6 10.f3 Re8 11.O-O Bd7 12.Ng3 g6 13.Rb1 b6 14.Rb2 Qc7 15.Bb1 
h5 16.Re2 h4 17.Nh1 Qd6 18.e4 dxe4 19.fxe4 Bg4 20.e5 Nxe5 21.Bf4 Bxe2 22.
Qxe2 cxd4 23.Qf2 dxc3 24.Bxe5 Rxe5 0-1